Architecture and climate : (Record no. 354037)

000 -LEADER
fixed length control field 02041cam a22004094a 4500
001 - CONTROL NUMBER
control field 16786593
003 - CONTROL NUMBER IDENTIFIER
control field OSt
005 - DATE AND TIME OF LATEST TRANSACTION
control field 20180116192425.0
008 - FIXED-LENGTH DATA ELEMENTS--GENERAL INFORMATION
fixed length control field 110519s2012 enka b 001 0 eng
010 ## - LIBRARY OF CONGRESS CONTROL NUMBER
LC control number 2011021736
016 7# - NATIONAL BIBLIOGRAPHIC AGENCY CONTROL NUMBER
Record control number 015903463
Source Uk
020 ## - INTERNATIONAL STANDARD BOOK NUMBER
International Standard Book Number 9780415561860 (hardback : alk. paper)
020 ## - INTERNATIONAL STANDARD BOOK NUMBER
International Standard Book Number 0415561868 (hardback : alk. paper)
020 ## - INTERNATIONAL STANDARD BOOK NUMBER
International Standard Book Number 9780415561877 (pbk. : alk. paper)
020 ## - INTERNATIONAL STANDARD BOOK NUMBER
International Standard Book Number 0415561876 (pbk. : alk. paper)
035 ## - SYSTEM CONTROL NUMBER
System control number (OCoLC)ocn587110244
040 ## - CATALOGING SOURCE
Original cataloging agency DLC
Transcribing agency DLC
Modifying agency BTCTA
-- UKMGB
-- ERASA
-- YDXCP
-- CDX
-- TXA
-- DLC
042 ## - AUTHENTICATION CODE
Authentication code pcc
043 ## - GEOGRAPHIC AREA CODE
Geographic area code e-uk---
050 00 - LIBRARY OF CONGRESS CALL NUMBER
Classification number NA2541
Item number .H39 2012
082 00 - DEWEY DECIMAL CLASSIFICATION NUMBER
Classification number 720.470941
Edition number 23
100 1# - MAIN ENTRY--PERSONAL NAME
Personal name Hawkes, Dean.
9 (RLIN) 7904
245 10 - TITLE STATEMENT
Title Architecture and climate :
Remainder of title an environmental history of British architecture, 1600-2000 /
Statement of responsibility, etc. Dean Hawkes.
246 30 - VARYING FORM OF TITLE
Title proper/short title Environmental history of British architecture, 1600-2000
250 ## - EDITION STATEMENT
Edition statement 1st ed.
260 ## - PUBLICATION, DISTRIBUTION, ETC.
Place of publication, distribution, etc. London ;
-- New York, NY :
Name of publisher, distributor, etc. Routledge,
Date of publication, distribution, etc. 2012.
300 ## - PHYSICAL DESCRIPTION
Extent x, 261 p. :
Other physical details ill. (some col.) ;
Dimensions 25 cm.
504 ## - BIBLIOGRAPHY, ETC. NOTE
Bibliography, etc. note Includes bibliographical references (p. 248-254) and index.
505 0# - FORMATTED CONTENTS NOTE
Formatted contents note Introduction -- Climate described -- Robert Smythson and the environment of the Elizabethan country house -- Christopher Wren and the origins of building science -- Palladianism and the climate of England -- Building in the climate of the nineteenth century city -- The arts and crafts house climatically considered -- The modern movement house in the British climate -- The environmental architecture of Alison and Peter Smithson.
650 #0 - SUBJECT ADDED ENTRY--TOPICAL TERM
Topical term or geographic name entry element Architecture and climate
Geographic subdivision Great Britain
General subdivision History.
9 (RLIN) 7905
650 #0 - SUBJECT ADDED ENTRY--TOPICAL TERM
Topical term or geographic name entry element Architecture
General subdivision Environmental aspects
Geographic subdivision Great Britain
General subdivision History.
9 (RLIN) 7906
906 ## - LOCAL DATA ELEMENT F, LDF (RLIN)
a 7
b cbc
c orignew
d 1
e ecip
f 20
g y-gencatlg
942 ## - ADDED ENTRY ELEMENTS (KOHA)
Source of classification or shelving scheme
Koha item type Book
Holdings
Withdrawn status Lost status Source of classification or shelving scheme Damaged status Not for loan Permanent Location Current Location Date acquired Total Checkouts Full call number Barcode Date last seen Copy number Cost, replacement price Price effective from Koha item type
          School of Art Design and Architecture (SADA) School of Art Design and Architecture (SADA) 01/26/2015   720.470941 HAW 2012 SADA0002416 01/05/2017 01 4404.61 01/05/2017 Book
© 2023 Central Library, National University of Sciences and Technology. All Rights Reserved.